000 01008cam a22002771i 4500
003 SA-RiAUC
005 20250611080344.0
008 250610s2006 xxk g 0001f ara c
020 _a1855167867
040 _aSA-JeALM
_bara
_cSA-RiAUC.
_erda
043 _aa-su---
082 0 4 _a813.03
_qSA-RiAUC
090 _a813.03
_bص ا ن
100 1 _aالصانع، رجاء عبد الله،
_d1401 هجري-
_eمؤلف.
245 1 0 _aبنات الرياض :
_bرواية /
_cرجاء عبد الله الصانع.
250 _aالطبعة الرابعة.
264 1 _aبيروت :
_bدار الساقي،
_c2006
300 _a319 صفحة ؛
_c22 سم
336 _aنص
_btxt
_2rdacontent
_3كتاب
337 _aبدون وسيط
_bn
_2rdamedia
338 _aمجلد
_bnc
_2rdacarrier
650 7 _aالقصص العربية
_zالسعودية
_yقرن 14 هجري.
_2aucsh
651 7 _aالرياض (السعودية)
_vقصص
_2aucsh
942 _2ddc
_cBOOK
_n0
949 _aSA-JeALM
_d250610
_uosman123
_n1
999 _c8813
_d8813